Discourse on policy-making : American foreign policy /

Bibliographic Details
Corporate Author: White Burkett Miller Center
Other Authors: Thompson, Kenneth W., 1921-2013
Format: Book
Language:English
Published: Lanham, MD : [Charlottesville] : University Press of America ; The Miller Center, University of Virginia, [1987]
Series:Exxon Education Foundation series on rhetoric and political discourse ; v. 10.
Subjects:

MARC

Tag First Indicator Second Indicator Subfields
LEADER 00000cam a2200000 a 4500
001 in00000027168
005 20151007055919.0
008 870723s1987 mdu 00000 eng
010 |a  87010446  
020 |a 0819163384 (alk. paper) :  |c $21.50 
020 |a 0819163392 (pbk. : alk. paper) :  |c $8.75 
035 |a (OCoLC)16528020 
035 |9 AAB9641AM 
040 |a DLC  |c DLC  |d TXA  |d UtOrBLW 
043 |a n-us--- 
049 |a TXAM  |c [A11675700] 
050 0 0 |a JX1706  |b .A4 1987 
082 0 |a 353.0089  |2 19 
245 0 0 |a Discourse on policy-making :  |b American foreign policy /  |c edited by Kenneth W. Thompson. 
264 1 |a Lanham, MD :  |b University Press of America ;  |a [Charlottesville] :  |b The Miller Center, University of Virginia,  |c [1987] 
264 4 |c ©1987 
300 |a xiii, 127 pages ;  |c 23 cm. 
336 |a text  |b txt  |2 rdacontent 
337 |a unmediated  |b n  |2 rdamedia 
338 |a volume  |b nc  |2 rdacarrier 
490 1 |a Exxon Education Foundation series on rhetoric and political discourse ;  |v v. 10 
505 0 |a Foreign policy and the dynamics of bureaucracy / Louis J. Halle -- Staffing the White House for foreign policy / I.M. Destler -- The President and national security / Philip Odeen -- Discourse on the threat / James R. Schlesinger -- Foreign policy and the separation of powers / Dean Rusk -- Concluding observations / Kenneth W. Thompson. 
651 0 |a United States  |x Foreign relations administration. 
650 0 |a Separation of powers  |z United States. 
700 1 |a Thompson, Kenneth W.,  |d 1921-2013. 
710 2 |a White Burkett Miller Center. 
740 0 |a American foreign policy. 
830 0 |a Exxon Education Foundation series on rhetoric and political discourse ;  |v v. 10. 
999 |a MARS 
999 f f |s 1bb7a61a-63bf-3c9d-b6c2-78016b3cc192  |i ae4279c4-d560-3976-97d7-a489d66e323a  |t 0 
952 f f |p ric  |a Texas A&M University  |b Rellis Campus  |c Joint Library Facility  |d Remote Storage  |t 0  |e JX1706 .A4 1987  |h Library of Congress classification  |i unmediated -- volume  |m A14811675700 
998 f f |a JX1706 .A4 1987  |t 0  |l Remote Storage